Outsourcing a jeho využívanie v podnikovej praxi diplomová práca

Guardado en:
Detalles Bibliográficos
Autor principal: Myšiaková, Ladislava
Autor Corporativo: Fakulta podnikového manažmentu EU. Katedra manažmentu
Otros Autores: Hudáková, Ivana, 1976-
Formato: Libro
Lenguaje:eslovaco
Publicado: Bratislava 2011
Etiquetas: Agregar Etiqueta
Sin Etiquetas, Sea el primero en etiquetar este registro!

MARC

LEADER 00000nbm a2200000 4500
001 0131573
005 20161109101715.4
041 0 |a slo 
044 |a SK 
245 1 0 |a Outsourcing a jeho využívanie v podnikovej praxi  |b diplomová práca  |c Ladislava Myšiaková ; školiteľ: Ivana Hudáková 
264 1 |a Bratislava  |c 2011 
300 |a 72 s. 
100 1 |a Myšiaková, Ladislava 
700 1 |a Hudáková, Ivana, 1976- 
710 2 |a Fakulta podnikového manažmentu EU. Katedra manažmentu